Využitie fotovoltiky na podporu tepelného čerpadla pri vykurovaní/chladení administratívnej budovy

Guardado en:
Detalles Bibliográficos
Autor principal: Barnová, Zuzana (Autor)
Otros Autores: Kalús, Daniel (Orientador)
Formato: Manuscrito Libro
Lenguaje:eslovaco
Publicado: 2015
Materias:
Acceso en línea:http://is.stuba.sk/zp/portal_zp.pl?podrobnosti=109334
https://opac.crzp.sk/?fn=detailBiblioForm&sid=78283B71680DBAF21545D41D22D4
Etiquetas: Agregar Etiqueta
Sin Etiquetas, Sea el primero en etiquetar este registro!

MARC

LEADER 00000ntm a22000003a 4500
001 stuzp51125
003 SK-STU
005 20231010133024.6
007 ta
008 150427s2015----xo-----f-mn---000-0-slo-d
040 |a STU  |b slo 
041 0 |a slo 
100 1 |a Barnová, Zuzana  |u 010290  |4 aut  |U SvF Stavebná fakulta  |T SvF Katedra technických zariadení budov  |X 66752  |U V290  |Y 31  |7 A000066752 
242 0 1 |a Use of photovoltaic systems to support heating / cooling buildings using heat pumps  |y eng 
245 1 0 |a Využitie fotovoltiky na podporu tepelného čerpadla pri vykurovaní/chladení administratívnej budovy 
260 |c 2015 
650 4 |a tepelné čerpadlo  |2 slo 
650 4 |a fotovoltika  |2 slo 
650 4 |a vykurovanie  |2 slo 
650 4 |a heat pump  |2 eng 
650 4 |a photovoltaic  |2 eng 
650 4 |a heating  |2 eng 
700 1 |a Kalús, Daniel  |4 ths  |X 799  |7 A000000799 
856 4 |u http://is.stuba.sk/zp/portal_zp.pl?podrobnosti=109334 
856 4 |u https://opac.crzp.sk/?fn=detailBiblioForm&sid=78283B71680DBAF21545D41D22D4 
SQL |a stuzp51125  |b DDP  |c SLO  |d Využitie fotovoltiky na podporu tepelného čerpadla pri vykurovaní/chladení administratívnej budovy  |e 66752  |f Barnová, Zuzana  |g 010290  |h 799  |i Kalús, Daniel  |j 20150615  |k 24  |l 01  |m http://is.stuba.sk/zp/portal_zp.pl?podrobnosti=109334  |n I-TZB  |o 5.1.4. pozemné stavby